Umeen Biblia / (Record no. 33424)

MARC details
000 -LEADER
campo de control de longitud fija 00685nam a2200241 i 4500
001 - NÚMERO DE CONTROL
campo de control 33424
003 - IDENTIFICADOR DE NÚMERO DE CONTROL
campo de control ES-MaACL
005 - FECHA Y HORA DE LA ÚLTIMA TRANSACCIÓN
campo de control 20250825062627.0
007 - CAMPO FIJO DE DESCRIPCIÓN FÍSICA--INFORMACIÓN GENERAL
campo de control de longitud fija t|
008 - DATOS DE LONGITUD FIJA--INFORMACIÓN GENERAL
campo de control de longitud fija 030202s1969 sp ||||1| baq d
080 ## - NÚMERO DE LA CLASIFICACIÓN DECIMAL UNIVERSAL
Número de la Clasificación Decimal Universal 087.5:22
100 1# - ENTRADA PRINCIPAL--NOMBRE DE PERSONA
Nombre de persona Ecker, Jakob.
9 (RLIN) 46604
245 10 - MENCIÓN DEL TÍTULO
Título Umeen Biblia /
Mención de responsabilidad, etc. Jakob Ecker, Kerexeta, Zugasti.
260 ## - PUBLICACIÓN, DISTRIBUCIÓN, ETC.
Lugar de publicación, distribución, etc. [Estella (Navarra) :
Nombre del editor, distribuidor, etc. Verbo Divino],
Fecha de publicación, distribución, etc. 1969.
300 ## - DESCRIPCIÓN FÍSICA
Extensión 64 p. :
Otras características físicas il. col. ;
Dimensiones 19 cm.
650 #7 - PUNTO DE ACCESO ADICIONAL DE MATERIA--TÉRMINO DE MATERIA
Término de materia o nombre geográfico como elemento de entrada Historia sagrada
Fuente del encabezamiento o término embne
9 (RLIN) 13427
655 #7 - TERMINO DE INDIZACIÓN--GENERO/FORMA
Datos o término principal de género/forma Libros infantiles
Fuente del término tgfbne
9 (RLIN) 226786
700 1# - ENTRADA AGREGADA--NOMBRE PERSONAL
Nombre de persona Kerexeta.
9 (RLIN) 67898
700 1# - ENTRADA AGREGADA--NOMBRE PERSONAL
Nombre de persona Zugasti.
9 (RLIN) 118432
852 4# - LOCALIZACIÓN
Ubicación ES-MaACL
Número de control de estantería C-51044
852 4# - LOCALIZACIÓN
Ubicación ES-MaACL
Número de control de estantería C-51045
Holdings
Estatus retirado Estado de pérdida Estado de daño No para préstamo Biblioteca de origen Biblioteca actual Ubicación en estantería Fecha de adquisición Fuente de adquisición Total de préstamos Signatura topográfica completa Código de barras Visto por última vez Precio de reemplazo Tipo de ítem Koha
        Biblioteca del Ateneo de Madrid Biblioteca del Ateneo de Madrid Depósito 2 17/01/2008     C-51044 1034769 23/02/2023 23/02/2023 Libro impreso
        Biblioteca del Ateneo de Madrid Biblioteca del Ateneo de Madrid Depósito 2 17/01/2008     C-51045 1034768 23/02/2023 23/02/2023 Libro impreso